000 01481nam a2200325 c 4500
003 BLK
005 20180422112859.0
008 180410b bul|||||r ||||||| ||bul||
010 _aKNG00155155000
040 _aBLK
041 _aBUL
_cBUL
080 _aРуска литература
_b821.161.1
_x-93-34
_z821.161.1-93-34
100 1 _aЦиферов, Генадий Михайлович
_eпърви автор
_9140113
700 1 _aПопова, Русалина
_eпрев. от рус.
_9370299
700 1 _aЧижиков, Виктор Александрович
_eхудож.
_9141731
139 _aЦиферов, Генадий Михайлович
_bЦ 70
245 1 0 _aПриказки
_cГенадий Михайлович Циферов; прев. от рус. Русалина Попова; худож. Виктор Александрович Чижиков.
257 _aSUN
260 София
_bОтечество
_c1977
_fСофия : ДПК Д. Благоев
300 _a64 с.
_bс ил.
_c29 см
380 _aDX
500 _aОриг. загл. Сказки / Геннадий Цыферов. - 50 000 тир.
653 _aдетска литература
653 _aприказки
852 _aЦб ІІ 19245
856 4 _qpdf
_u
856 4 _qpdf
_u
942 _cKNG
_n0
944 _aCR
_c03.01.2014
_l03.01.2014 - от С1,Р / 03.01.2014
_kГюлджан_Саами
944 _aED
_c21.09.2017
_l03.01.2014 - от С1,Р / 03.01.2014
_kСевдалина_Василева
999 _c148924
_d148924